| 000 | 00392pab a2200133 454500 | ||
|---|---|---|---|
| 008 | 180718b1983 xxu||||| |||| 00| 0 eng d | ||
| 100 | _aWhite, Christine | ||
| 245 | _aMass mobilisation and ideological transformation in the Vietnamese land reform compaign | ||
| 260 | _c1983 | ||
| 300 | _a74-90 | ||
| 650 | _aLand Tenure - Vietnam | ||
| 773 | _aJournal of Contemporary Asia | ||
| 909 | _a12159 | ||
| 999 |
_c12159 _d12159 |
||